The Oxford companion to American literature
Gespeichert in:
| 1. Verfasser: | |
|---|---|
| Format: | Buch |
| Sprache: | Undetermined |
| Veröffentlicht: |
New York, Estados Unidos
Oxford University Press
1983
|
| Ausgabe: | 5 |
| Schlagworte: | |
| Tags: |
Tag hinzufügen
Keine Tags, Fügen Sie den ersten Tag hinzu!
|
MARC
| LEADER | 00000nam a2200000Ia 4500 | ||
|---|---|---|---|
| 008 | 170316s9999 xx 000 0 und d | ||
| 020 | |a O-19-503074-5 | ||
| 040 | |a cru BVZT | ||
| 090 | |a R-413 H-1o ING | ||
| 100 | |a Hart, James D. | ||
| 245 | 4 | |a The Oxford companion to American literature |c James D. Hart | |
| 250 | |a 5 | ||
| 260 | |a New York, Estados Unidos | ||
| 260 | |b Oxford University Press | ||
| 260 | |c 1983 | ||
| 300 | |a 896 páginas | ||
| 650 | 0 | |a REFERENCIA |9 27 | |
| 650 | 0 | |a DICCIONARIO |9 28 | |
| 650 | 0 | |a LITERATURA AMERICANA |9 144 | |
| 942 | |2 z |c REF | ||
| 999 | |c 30100 |d 30100 | ||
